Catálogo
 En Linea

Inspección de los asilos y hospital Padre Billini por la auditoría nacional : (Registro nro. 32986)

Detalles MARC
000 -CABECERA
campo de control de longitud fija 00672nam a2200217 a 4500
001 - NÚMERO DE CONTROL
campo de control 000033495
003 - IDENTIFICADOR DEL NÚMERO DE CONTROL
campo de control DO-SdBNP
005 - FECHA Y HORA DE LA ÚLTIMA TRANSACCIÓN
campo de control 20220922153833.0
007 - CAMPO FIJO DE DESCRIPCIÓN FÍSICA--INFORMACIÓN GENERAL
campo de control de longitud fija ta
008 - DATOS DE LONGITUD FIJA--INFORMACIÓN GENERAL
campo de control de longitud fija 110830s1923 dr c 000 0 spa d
040 ## - FUENTE DE LA CATALOGACIÓN
Centro catalogador/agencia de origen DO-SdBNP
Lengua de catalogación spa
Centro/agencia transcriptor BNPHU
082 ## - NÚMERO DE LA CLASIFICACIÓN DECIMAL DEWEY
Número de clasificación 362.61
Número de documento/Ítem B574i
100 1# - ENTRADA PRINCIPAL--NOMBRE DE PERSONA
Nombre de persona Báez, Ramon
9 (RLIN) 59022
245 10 - MENCIÓN DE TÍTULO
Título Inspección de los asilos y hospital Padre Billini por la auditoría nacional :
Resto del título agosto 1920 - junio 1923
Mención de responsabilidad, etc. Ramon Báez.
260 ## - PUBLICACIÓN, DISTRIBUCIÓN, ETC.
Lugar de publicación, distribución, etc. Santo Domingo :
Nombre del editor, distribuidor, etc. Imp. J. R. Vda. García,
Fecha de publicación, distribución, etc. 1923.
300 ## - DESCRIPCIÓN FÍSICA
Extensión 165 p. ;
Otras características físicas retrs.
Dimensiones 27 cm.
590 ## - NOTA LOCAL (RLIN)
Nota local Inventariado, 2022/ YL
650 #4 - PUNTO DE ACCESO ADICIONAL DE MATERIA--TÉRMINO DE MATERIA
Término de materia o nombre geográfico como elemento de entrada Asilos
Subdivisión geográfica Informes
9 (RLIN) 82421
910 ## - DATOS DE OPCIÓN DEL USUARIO (OCLC)
Datos de opción del usuario YLockward
942 ## - ELEMENTOS DE PUNTO DE ACCESO ADICIONAL (KOHA)
Fuente del sistema de clasificación o colocación Dewey Decimal Classification
Tipo de ítem Koha Libro
Existencias
Estado de retiro Estado de pérdida Fuente del sistema de clasificación o colocación Restricciones de uso No para préstamo Código de colección Localización permanente Ubicación/localización actual Ubicación en estantería Fecha de adquisición Número de inventario Signatura topográfica completa Código de barras Fecha visto por última vez Precio válido a partir de Tipo de ítem Koha Nota pública
    Dewey Decimal Classification Excluido de préstamo   Patrimonio Dominicano Raros y Valiosos Biblioteca Nacional Pedro Henríquez Ureña Biblioteca Nacional Pedro Henríquez Ureña En encuadernación 30.08.2011 LF1 33495-10 25.06.2020 25.06.2020 Libro Perteneció a la biblioteca personal de Martínez Boog

Con tecnología Koha